[Event "Espalion op 2nd"]
[Site "Espalion"]
[Date "2017.07.21"]
[Round "8"]
[White "Menardo, Philippe"]
[Black "Mourgues, Joelle"]
[Result "1-0"]
[WhiteElo "1631"]
[BlackElo "1624"]
[PlyCount "91"]
[EventDate "2017.07.15"]
[EventType "swiss"]
[EventRounds "9"]
[EventCountry "FRA"]
[SourceTitle "CBM 179 Extra"]
[Source "ChessBase"]
[SourceDate "2017.08.23"]
[SourceVersion "1"]
[SourceVersionDate "2017.08.23"]
[SourceQuality "1"]

1. c4 c5 2. Nc3 Nc6 3. Nf3 Nf6 4. g3 g6 5. Bg2 Bg7 6. 0-0 0-0 7. d4 cxd4 8. Nxd4 Nxd4 9. Qxd4 Nh5 10. Qd3 d6 11. Rd1 Qc7 12. Nd5 Qd8 13. Rb1 Bf5 14. e4 Be6 15. Be3 Bxd5 16. Qxd5 Qc7 17. Bh3 Nf6 18. Qd3 Rfd8 19. b4 a6 20. Rdc1 Qc6 21. f3 b5 22. cxb5 Qxb5 23. Qd1 Qb8 24. Rc6 d5 25. e5 Ne8 26. f4 Qb7 27. Rb6 Qa7 28. Rc1 e6 29. Bf1 a5 30. b5 Bf8 31. Rcc6 Qe7 32. Bc5 Qd7 33. Bd6 Nxd6 34. exd6 Qa7 35. Kh1 a4 36. Qc2 Qa5 37. Qf2 Qb4 38. Ra6 Rab8 39. Kg1 Bxd6 40. Qc2 Bf8 41. Rxa4 Qe1 42. Qf2 Qb1 43. b6 Bg7 44. Ra3 d4 45. Rb3 d3 46. Rxb1 1-0

[Event "Vaujany op 5th"]
[Site "Vaujany"]
[Date "2014.07.11"]
[Round "2.4"]
[White "Dombre, Antoine"]
[Black "Menardo, Philippe"]
[Result "1-0"]
[WhiteElo "1845"]
[BlackElo "1635"]
[PlyCount "59"]
[EventDate "2014.07.10"]
[EventType "swiss"]
[EventRounds "9"]
[EventCountry "FRA"]
[SourceTitle "EXT 2017"]
[Source "ChessBase"]
[SourceDate "2016.10.25"]
[SourceVersion "1"]
[SourceVersionDate "2016.10.25"]
[SourceQuality "1"]

1. g3 d5 2. Bg2 Nf6 3. c4 c6 4. Nf3 g6 5. b3 Bg7 6. Bb2 0-0 7. 0-0 Re8 8. d4 Nbd7 9. Nbd2 Ne4 10. Nxe4 dxe4 11. Ng5 e5 12. Nxe4 Qc7 13. d5 cxd5 14. cxd5 Qb6 15. Rc1 Nf8 16. Nd2 Bg4 17. h3 Bd7 18. Nc4 Qa6 19. a4 Bh6 20. Rc2 b5 21. axb5 Bxb5 22. Nxe5 Rad8 23. Ng4 Bg7 24. Bxg7 Kxg7 25. Qd4+ f6 26. Rc7+ Rd7 27. Ra1 Qd6 28. Raxa7 Bxe2 29. Rxd7+ Nxd7 30. Rxd7+ 1-0

[Event "Sanary sur Mer op 5th"]
[Site "Sanary sur Mer"]
[Date "2013.08.27"]
[Round "2"]
[White "Menardo, Philippe"]
[Black "Bonnafous, Michel"]
[Result "0-1"]
[WhiteElo "1671"]
[BlackElo "2069"]
[PlyCount "140"]
[EventDate "2013.08.27"]
[EventType "swiss"]
[EventRounds "7"]
[EventCountry "FRA"]
[SourceTitle "EXT 2014"]
[Source "ChessBase"]
[SourceDate "2013.11.20"]
[SourceVersion "1"]
[SourceVersionDate "2013.11.20"]
[SourceQuality "1"]

1. d4 f5 2. g3 Nf6 3. Bg2 g6 4. Nf3 Bg7 5. 0-0 0-0 6. c3 e6 7. Nbd2 Nc6 8. Nc4 d6 9. Bg5 h6 10. Bxf6 Qxf6 11. e3 e5 12. dxe5 dxe5 13. Qc2 g5 14. Rad1 Be6 15. Nfd2 Qf7 16. Qa4 Nd8 17. Na5 c6 18. Nab3 b6 19. Nb1 Rc8 20. Rd2 Qh5 21. Rfd1 Qf7 22. Na3 f4 23. exf4 gxf4 24. f3 fxg3 25. hxg3 Bf6 26. Nc2 Bg5 27. Re2 Qg7 28. g4 h5 29. gxh5 Rf4 30. Re4 Bf5 31. Rxf4 Bxf4 32. Qc4+ Kh8 33. Qe2 Qg5 34. Ne1 Ne6 35. Nd2 Rg8 36. Ne4 Qxh5 37. Kf1 Qh6 38. Rd6 Rg6 39. Rxc6 Bh3 40. Rc8+ Kg7 41. Qb5 Bxg2+ 42. Ke2 Nf8 43. Qe8 Kg8 44. Nxg2 Rxg2+ 45. Kd3 Rg6 46. Rc7 Rd6+ 47. Kc4 Qe6+ 48. Qxe6+ Rxe6 49. Rxa7 Ng6 50. Kd5 Re7 51. Ra8+ Kf7 52. Nd6+ Kf6 53. Ne4+ Kf5 54. Nd6+ Kg5 55. Rg8 Kh5 56. Ke4 Bc1 57. Nf5 Rf7 58. b3 Ba3 59. Ng3+ Kg5 60. Ne2 Kf6 61. Rc8 Bc5 62. b4 Bf2 63. Rc6+ Kg7 64. a4 Ra7 65. a5 bxa5 66. bxa5 Rxa5 67. Rd6 Ra2 68. Kf5 Nh4+ 69. Kxe5 Rxe2+ 70. Kf4 Bg3+ 0-1